Buddhism : (Record no. 64774)

MARC details
000 -LEADER
fixed length control field 00441nam a22001457a 4500
005 - DATE AND TIME OF LATEST TRANSACTION
control field 20180810113924.0
020 ## - INTERNATIONAL STANDARD BOOK NUMBER
International Standard Book Number 8121511143
Terms of availability 450.00
035 ## - SYSTEM CONTROL NUMBER
System control number B-120626, B-120628
037 ## - SOURCE OF ACQUISITION
Stock number DPL
Source of stock number/acquisition ENG
100 ## - MAIN ENTRY--PERSONAL NAME
Personal name Pandit, Moti Lal
245 ## - TITLE STATEMENT
Title Buddhism :
Remainder of title A religion of salvation /
Statement of responsibility, etc by Moti Lal Pandit
260 ## - PUBLICATION, DISTRIBUTION, ETC. (IMPRINT)
Place of publication, distribution, etc New Delhi
Name of publisher, distributor, etc Munshiram Manoharlal Publishers
Date of publication, distribution, etc 2004
300 ## - PHYSICAL DESCRIPTION
Extent vi, 311p.
Dimensions 22 cms.
942 ## - ADDED ENTRY ELEMENTS (KOHA)
Source of classification or shelving scheme Dewey Decimal Classification
Item type English Books
Classification part 250
Call number suffix MOT
Holdings
Withdrawn status Lost status Not for loan Collection code Home library Current library Date acquired Cost, normal purchase price Full call number Barcode Cost, replacement price Koha item type Source of acquisition
      Non-fiction Sarojini Nagar Sarojini Nagar 09/04/2012 450.00 250 MOT B-120626 450.00 English Books  
      Non-fiction Shahdara Branch Shahdara Branch 10/08/2018 450.00 250 MOT B-120628 450.00 English Books BPPD/PUB

© Delhi Public Library
Hit Counter
free hit counter